University Home | Library Home | Institutional Repository

Nature conservation in Western Malaysia, 1961 / (Record no. 139748)

MARC details
000 -LEADER
fixed length control field 00876cam2a220022900 4500
001 - CONTROL NUMBER
control field tmp15716682
003 - CONTROL NUMBER IDENTIFIER
control field UPRA
005 - DATE AND TIME OF LATEST TRANSACTION
control field 20190823083452.0
008 - FIXED-LENGTH DATA ELEMENTS--GENERAL INFORMATION
fixed length control field 951010s1961 my eng u
035 ## - SYSTEM CONTROL NUMBER
System control number (Sirsi) r53575
035 ## - SYSTEM CONTROL NUMBER
System control number (UPRA)tmp15716682
040 ## - CATALOGING SOURCE
Transcribing agency UPRA
110 2# - MAIN ENTRY--CORPORATE NAME
Corporate name or jurisdiction name as entry element Malayan Nature Society.
Linkage A12308.1
245 10 - TITLE STATEMENT
Title Nature conservation in Western Malaysia, 1961 /
Statement of responsibility, etc. edited by J. Wyatt-Smith and P.R. Wycherley.
260 ## - PUBLICATION, DISTRIBUTION, ETC.
Place of publication, distribution, etc. [Kuala Lumpur :
Name of publisher, distributor, etc. Malayan Nature Society,
Date of publication, distribution, etc. 1961]
500 ## - GENERAL NOTE
General note An issue to mark the occasion of the twenty-first anniversary of the founding of the Malayan Nature Society 1940-1961.
504 ## - BIBLIOGRAPHY, ETC. NOTE
Bibliography, etc. note Includes bibliographies.
651 #0 - SUBJECT ADDED ENTRY--GEOGRAPHIC NAME
Geographic name Malaya -- Natural history.
General subdivision Malaya -- Natural history.
Linkage S8472.1
700 2# - ADDED ENTRY--PERSONAL NAME
Personal name Wyatt-Smith, J.
Linkage A12309.1
949 ## - LOCAL PROCESSING INFORMATION (OCLC)
a QH81
w lcc
i 33729000316401
m MAIN
p 2500
t BOOK
l ON-SHELF

No items available.

© 2026 - The University of Zambia Library - Koha v25.11